| 000 | 00525nam a22001817a 4500 | ||
|---|---|---|---|
| 005 | 20230911122812.0 | ||
| 010 | _aENG-137794 | ||
| 020 |
_c500.00 _a9788175054134 |
||
| 035 | _aEN-121326 | ||
| 037 | _bAdvaita Sharma. | ||
| 082 | _a294.544 | ||
| 100 |
_aGokulnanda, Swami _956200 |
||
| 245 |
_aGood Bye To Negativity/ _cby Swami Gokulnanda |
||
| 260 |
_aUttrakhand _bAdvaita Sharma _c2015 |
||
| 270 |
_aMayawati Champawat, _bUttrakhand |
||
| 300 |
_a189p. _c22cm(pbk) |
||
| 942 |
_2ddc _cEN _mGOK _h294.544 |
||
| 999 |
_c197117 _d197117 |
||